Význam distribúcie ako nástroja marketingového mixu v marketingu územia

Distribúcia ako neoddeliteľná súčasť marketingovej koncepcie územných celkov a regiónov. Lokalita a jej význam v marketingu územia. Posudzovanie lokality z rôznych aspektov (produkt, typ užívateľov, dostupnosť, čas a priestor). Logistické riešenie distribučných procesov v marketingu územia.

Na minha lista:
Detalhes bibliográficos
Autor principal: Daňo, Ferdinand, 1959-
Formato: Capítulo de Livro
Idioma:eslovaco
Assuntos:
Tags: Adicionar Tag
Sem tags, seja o primeiro a adicionar uma tag!

MARC

LEADER 00000naa$a2200000$$$4500
001 0025048
005 20240502071420.7
041 0 |a slo 
044 |a SK 
245 1 0 |a Význam distribúcie ako nástroja marketingového mixu v marketingu územia  |c Ferdinand Daňo 
520 |a Distribúcia ako neoddeliteľná súčasť marketingovej koncepcie územných celkov a regiónov. Lokalita a jej význam v marketingu územia. Posudzovanie lokality z rôznych aspektov (produkt, typ užívateľov, dostupnosť, čas a priestor). Logistické riešenie distribučných procesov v marketingu územia. 
610 2 0 |a distribúcia 
610 2 0 |a marketing mix 
610 2 0 |a marketing územia 
610 2 0 |a lokalizácia 
610 2 0 |a produkty 
610 2 0 |a služby 
610 2 0 |a spotrebitelia 
610 2 0 |a čas 
610 2 0 |a priestor 
610 2 0 |a infraštruktúra 
610 2 0 |a konkurencia 
610 2 0 |a logistika distribučná 
100 1 |a Daňo, Ferdinand, 1959-